00363nam a2200157Ia 4500008004000000082001700040100001500057245003100072260004400103300001200147650001000159650000700169650000900176650000900185650001100194210210b1987 xxu||||| |||| 00| 0 eng d a823.914 FOLK aFOLK TALES aFolk tales of East Africa aN DbSterling publishers pvt ltd.c1987 avii,113 atales aof aFolk aEast aAfrica